| 000 | 00673nam a22002297a 4500 | ||
|---|---|---|---|
| 005 | 20170124110146.0 | ||
| 010 | _aA-249682 | ||
| 020 | _c45.00 | ||
| 035 | _aA-249682 | ||
| 037 | _bCen Lib/Ret | ||
| 040 |
_aDPL _bEN |
||
| 082 |
_a658 _bBAS |
||
| 100 |
_aBasu, C.R. _933363 |
||
| 245 |
_aManagement and organisation / _cby C.R. Basu |
||
| 260 |
_aNew Delhi _c1985 _bS chand and company |
||
| 270 |
_bNew Delhi _aRam nagar _e110055 |
||
| 300 |
_axvi,622p. _c20cm(Hb) |
||
| 500 | _aIncludes bibliographical references and index | ||
| 650 |
_aManagement _x _9101757 |
||
| 650 |
_aTheories of management _9101758 |
||
| 942 |
_2ddc _cEN _h658 _mBAS |
||
| 999 |
_c131972 _d131972 |
||